000 01146nam a2200289 a 4500
003 BLK
005 20250717101917.0
008 230328b bul|||||r ||||||| ||bul||
020 _a9789543987481
040 _aBLK
041 _aBUL
_cBUL
080 _aАнглийска литература
_b821.111
_x-31
_z821.111-31
100 1 _aДжеймс, Ерика
_9351086
245 1 0 _aМайки и дъщери
_bРоман
_cЕрика Джеймс; прев. от англ. Максим М. Майер.
257 _aGBR
260 _aСофия
_bТруд
_c2023
_9209481
_f[София] : Алианс принт
300 _a387 с.
_c21 см
380 _aX
500 _aОриг. загла.: Mothers and dauhters / Erica James
700 _aМайер, Максим М.
_gЖурналист. Преводач от английски език.
_eпрев. от англ.
_9485462
852 _bП
_c821-31/Д 50 Е
852 _aЦб 318493
_bЦб
942 _cKNG
_n0
_0135
_s1
944 _aCR
_c2023-03-28
_k30530
_lМинев Младен
944 _aED
999 _c490336
_d490336